Thinking beyond the east-west divide Patocka, Foucault, Hamvas, Elias, and the care of the self

Enregistré dans:
Détails bibliographiques
Auteur principal: Szakolczai, Arpád
Format: Livre
Langue:anglais
Publié: San Domenico (FI) European University Institute 1994
Collection:EUI Working paper SPS No. 94/2
Sujets:
Tags: Ajouter un tag
Pas de tags, Soyez le premier à ajouter un tag!

MARC

LEADER 00000nam a2200000 4500
001 c133749
005 20221123112857.8
041 0 |a eng 
044 |a IT 
245 1 0 |a Thinking beyond the east-west divide  |b Patocka, Foucault, Hamvas, Elias, and the care of the self  |c Arpád Szakolczai 
264 1 |a San Domenico (FI)  |b European University Institute  |c 1994 
300 |a 25 s. 
490 1 |a EUI Working paper SPS  |v No. 94/2 
830 0 |a EUI Working paper SPS  |v No. 94/2 
610 2 0 |a sociológia 
610 2 0 |a sociológovia 
610 2 0 |a veda 
610 2 0 |a vedomie sociálne 
610 2 0 |a transformácia 
610 2 0 |a SVE 
610 2 0 |a východná Európa 
610 2 0 |a západná Európa 
100 1 |a Szakolczai, Arpád